| 000 | 00315nam a22001217a 4500 | ||
|---|---|---|---|
| 082 |
_a300 _bSIE/H |
||
| 100 | _aGOVT. OF KERALA | ||
| 245 |
_aSTATE INSTITUTE OF EDUCATIOAL TECHNOLOGY _bHISTORY |
||
| 260 |
_aNEW DELHI _bGOVT. OF INDIA |
||
| 300 | _bVCD | ||
| 520 | _aABRAHAM LINCON PART-II REFERENCE BOOKS | ||
| 942 | _cBK | ||
| 999 |
_c7928 _d7928 |
||